StrengthsFinder 2.0 from Gallup (Record no. 25488)

MARC details
000 -LEADER
fixed length control field 00560nam a22002057a 4500
003 - CONTROL NUMBER IDENTIFIER
control field OSt
005 - DATE AND TIME OF LATEST TRANSACTION
control field 20260629155824.0
008 - FIXED-LENGTH DATA ELEMENTS--GENERAL INFORMATION
fixed length control field 260629b |||||||| |||| 00| 0 eng d
020 ## - INTERNATIONAL STANDARD BOOK NUMBER
International Standard Book Number 9781595620156
040 ## - CATALOGING SOURCE
Transcribing agency Chuka University Library
050 ## - LIBRARY OF CONGRESS CALL NUMBER
Classification number HF 5549.5 .C55 2007
100 ## - MAIN ENTRY--PERSONAL NAME
Personal name Clifton Don
9 (RLIN) 31776
245 ## - TITLE STATEMENT
Title StrengthsFinder 2.0 from Gallup
260 ## - PUBLICATION, DISTRIBUTION, ETC.
Place of publication, distribution, etc. New York
Name of publisher, distributor, etc. Gallup Press
Date of publication, distribution, etc. 2007
300 ## - PHYSICAL DESCRIPTION
Extent Various Pagings
650 ## - SUBJECT ADDED ENTRY--TOPICAL TERM
Topical term or geographic name entry element Ability
9 (RLIN) 31777
650 ## - SUBJECT ADDED ENTRY--TOPICAL TERM
Topical term or geographic name entry element self-Realization
9 (RLIN) 11403
650 ## - SUBJECT ADDED ENTRY--TOPICAL TERM
Topical term or geographic name entry element Personality Tests
9 (RLIN) 12980
942 ## - ADDED ENTRY ELEMENTS (KOHA)
Source of classification or shelving scheme Library of Congress Classification
Koha item type Long Loan Books
Suppress in OPAC No
Holdings
Withdrawn status Lost status Source of classification or shelving scheme Damaged status Not for loan Collection Home library Current library Shelving location Date acquired Source of acquisition Cost, normal purchase price Total Checkouts Full call number Barcode Date last seen Price effective from Koha item type
    Library of Congress Classification     General Collection Books Main Campus Library Main Campus Library Fiction 29/06/2026 Donations From Books For Africa 3008.55   HF 5549.5 C55 2007 36339/2026 29/06/2026 29/06/2026 Long Loan Books

Powered by Koha